000 00838nam0a22002651 4500
001 rc\867483
005 20041129093231.6
035 _a(NLR Aleph) 006046364
090 _a4758254
_c4758254
100 _a20041129d1984 u |0rusy50 ca
101 0 _arus
102 _aRU
105 _aa |||||||||
200 1 _aАнализ методологических аспектов исследований риска
210 _aМ.
_cИАЭ
_d1984
215 _a48 с.
_cил.
_d21
225 1 _aПрепринт
_fИн-т атом. энергии им. И.В. Курчатова
_vИАЭ-4068/3
320 _aБиблиогр.: с. 46-47
700 1 _aСухоручкин
_bВ. К.
701 1 _aГавришин
_bА. Н.
801 0 _aRU
_bNLR
_gpsbo
801 1 _aRU
_bELAR
_2rusmarc
852 _aNLR
_j85-6/4219
942 _cBOOK
980 _aNB